01426nam a2200325 i 4500001001000000003000900010005001700019007000300036008004100039020001800080040003000098082002400128100004900152245007900201264003900280300002800319336003600347337003500383338003000418500007100448590002700519650002800546650003200574910003700606942001400643952014800657952013600805952014200941999001701083000016220DO-SdBNP20240305135903.0ta100301s2007 dr 000 p spa d a9789945068276 aDO-SdBNPbspacBNPHUerda 4aRD861.44bM244e2221 aMaldonado del Rosario, José,d1954-93627110aEntre escarcha y elegías y otros poemas /cJosé Maldonado del Rosario. aSanto Domingo :bSantuario,c2007. a100 páginas ;c22 cm. 2336. 2) rdacontent atextobtxt 2rdamedia asin mediación bn 2rdacarrier avolumen bnc aIncluye datos biográficos del autor en la solapa de la cubierta. aInventariado, 2023/MFF 4aPoesía dominicana966 4aLiteratura domincana925681 aValidado. Control de calidad MFF 2ddccLBS1 00102ddc56708DSaBNPHUbBNPHUcHDd2010-09-16l0oBNPHU DS RD861.44 M244ep16220-30r2020-06-25te. 3w2020-06-25yLBS1ZPréstamo en sala 00102ddc51708PDaBNPHUbBNPHUcHDd2010-03-01l0oBNPHU PD RD861.44 M244ep16220-10r2020-06-25w2020-06-25yLBS1ZNo se presta 00102ddc51708PDaBNPHUbBNPHUcHDd2010-09-16l0oBNPHU PD RD861.44 M244ep16220-20r2020-06-25te. 2w2020-06-25yLBS1ZNo se presta c15758d15758